Statistics for Movies that Start with K

Click here to take the quiz!

General Stats

  • This quiz has been taken 45,663 times
    (6,728 since last reset)
  • The average score is 9 of 15

Answer Stats

DescriptionMovie% Correct
Giant ape runs amok in New York CityKing Kong
99%
Martial arts student uses crane kick to defeat a leg-sweeping bullyKarate Kid, the
96%
Chinese animal must use martial arts skills to defeat an evil snow leopardKung Fu Panda
89%
Hilarity ensues as a musclebound cop goes undercover as a kindergarten teacherKindergarten Cop
77%
Monarch needs a speech pathologistKing's Speech, the
77%
Bride uses kung-fu to avenge herself against the people who
disrupted her wedding and put her into a coma
Kill Bill Vol. 1
73%
Young British loser is invited to join a secret spy agency where the members have
names from Arthurian legend
Kingsman: The
Secret Service
60%
Southern detective Benoit Blanc must solve the case of the murdered mystery writer
and his scheming family
Knives Out
53%
The true story of a dad from Compton who coaches his daughters to become tennis pros
King Richard
52%
Dustin Hoffman and Meryl Streep have a messy divorce and custody battleKramer vs. Kramer
52%
To stay in business, a British shoe factory must make boots for fetishistsKinky Boots
48%
Loser somehow impregnates a beautiful TV personality and now must win her loveKnocked Up
40%
Bowler with a prosthetic hand trains his Amish protegéKingpin
34%
American journalist tries to help his Cambodian colleague escape from the Khmer RougeKilling Fields, the
32%
The true story of Thor Heyerdahl's raft journey from Peru to PolynesiaKon-Tiki
28%

Score Distribution

Percentile by Number Answered

Percent of People with Each Score

Your Score History

You have not taken this quiz since the last reset